| 000 | 00596nam a2200193Ia 4500 | ||
|---|---|---|---|
| 001 | 14089 | ||
| 003 | GE_BSU | ||
| 008 | 181216s||||||||xx |||||||||||||| ||und|| | ||
| 040 | _cGE_BSU | ||
| 080 | _a81+001 | ||
| 245 | _aენა და კულტურა № 5. 2011 | ||
| 245 | _bსამეცნიერო რეფერირებადი ჟურნალი | ||
| 245 | _cმთ.რედ. მანანა მიქაძე | ||
| 260 | _aქუთაისი | ||
| 260 | _c2011 | ||
| 300 | _a332გვ. | ||
| 653 | _aენა და კულტურა | ||
| 942 | _cCR | ||
| 999 |
_c47229 _d47229 |
||